Loading...
Aspects of the feminine /
| Other Authors: | |
|---|---|
| Format: | Printed Book |
| Published: |
London:
Routledge,
2003.
|
| Subjects: |
| LEADER | 00509cam a2200157ua 4500 | ||
|---|---|---|---|
| 008 | 100806t2003||||||||||| 00 ||||| c | ||
| 082 | |a 155.333 |b JUN/A | ||
| 245 | 1 | 2 | |a Aspects of the feminine / |
| 260 | |a London: |b Routledge, |c 2003. | ||
| 300 | |a 213p.. | ||
| 362 | 1 | |a 2003. | |
| 650 | 0 | |a Femenine-Psychology | |
| 700 | 0 | 2 | |a Jung,, Carl Gustav |
| 942 | |c BK | ||
| 999 | |c 23032 |d 23032 | ||
| 952 | |0 0 |1 0 |4 0 |6 155_333000000000000_JUN |7 0 |9 24452 |a KUCL |b KUCL |d 2014-05-23 |l 7 |m 3 |o 155.333 JUN/ |p 23562 |r 2017-07-27 |s 2017-07-18 |w 2014-05-23 |y BK | ||